Խորհրդածություններ = (Record no. 429583)
[ view plain ]
| 000 -LEADER | |
|---|---|
| fixed length control field | 01583nam a2200277 a 4500 |
| 003 - CONTROL NUMBER IDENTIFIER | |
| control field | AM-YeHGA |
| 040 ## - CATALOGING SOURCE | |
| Original cataloging agency | AM-YeHGA |
| 090 ## - LOCALLY ASSIGNED LC-TYPE CALL NUMBER (OCLC); LOCAL CALL NUMBER (RLIN) | |
| -- | 432129 |
| 005 - DATE AND TIME OF LATEST TRANSACTION | |
| control field | 20250618075104.0 |
| 008 - FIXED-LENGTH DATA ELEMENTS--GENERAL INFORMATION | |
| fixed length control field | 190208s2018 ai a|||gr||||o000|0darm|| |
| 020 ## - INTERNATIONAL STANDARD BOOK NUMBER | |
| International Standard Book Number | 9789939686714 |
| 041 0# - LANGUAGE CODE | |
| Language code of text/sound track or separate title | arm |
| 100 1# - MAIN ENTRY--PERSONAL NAME | |
| Personal name | Մարկուս, Ավրելիուս Անտոնինուս |
| 245 10 - TITLE STATEMENT | |
| Title | Խորհրդածություններ = |
| Remainder of title | TA EIΣ EAYTON / |
| Statement of responsibility, etc. | Մ.Ա. Անտոնինուս ; Հին հունարենից թարգմանությունը, առաջաբանը և ծանոթագրությունները՝ Գ. Մուրադյանի, Ա. Թոփչյանի. |
| 246 ## - VARYING FORM OF TITLE | |
| Title proper/short title | TA EIΣ EAYTON |
| 260 ## - PUBLICATION, DISTRIBUTION, ETC. | |
| Place of publication, distribution, etc. | Երևան : |
| Name of publisher, distributor, etc. | Զանգակ հրատ., |
| Date of publication, distribution, etc. | 2018. |
| 300 ## - PHYSICAL DESCRIPTION | |
| Extent | 247 էջ + 8 էջ ներդիր : |
| Other physical details | նկար ; |
| Dimensions | 22 սմ. |
| 500 ## - GENERAL NOTE | |
| General note | Գիրքը՝ սուպեր շապիկով: |
| 500 ## - GENERAL NOTE | |
| General note | Հեղինակը Հռոմի կայսրն է և փիլիսոփայական երկը հասցեագրել է ինքն իրեն: |
| 504 ## - BIBLIOGRAPHY, ETC. NOTE | |
| Bibliography, etc. note | Տողատակում՝ մատենագիտական ծանոթագրություններ: Գրականության ցանկ՝ 246: |
| 600 04 - SUBJECT ADDED ENTRY--PERSONAL NAME | |
| Personal name | Մարկուս, Ավրելիուս Անտոնինուս |
| 650 14 - SUBJECT ADDED ENTRY--TOPICAL TERM | |
| Topical term or geographic name entry element | Հռոմեական փիլիսոփաներ |
| 700 1# - ADDED ENTRY--PERSONAL NAME | |
| Personal name | Մուրադյան, Գոհար Սարգսի, |
| Dates associated with a name | 1957- |
| Relator term | թարգմանիչ |
| Relationship | trl |
| Relator term | առաջաբանի հեղ. |
| Relationship | aui |
| Relator term | ծանոթագրող |
| Relationship | cmm |
| 9 (RLIN) | 8743 |
| 700 1# - ADDED ENTRY--PERSONAL NAME | |
| Personal name | Թոփչյան, Արամ Ստեփանի, |
| Dates associated with a name | 1962- |
| Relator term | թարգմանիչ |
| Relationship | trl |
| Relator term | առաջաբանի հեղ. |
| Relationship | aui |
| Relator term | ծանոթագրող |
| Relationship | cmm |
| 9 (RLIN) | 3359 |
| 942 ## - ADDED ENTRY ELEMENTS (KOHA) | |
| Source of classification or shelving scheme | Universal Decimal Classification |
| Koha item type | Գրքեր / Books |
| Withdrawn status | Lost status | Source of classification or shelving scheme | Damaged status | Not for loan | Collection | Home library | Current library | Date acquired | Total checkouts | Full call number | Barcode | Date last seen | Price effective from | Koha item type | Public note |
|---|---|---|---|---|---|---|---|---|---|---|---|---|---|---|---|
| Universal Decimal Classification | General | Fundamental Scientific Library | Fundamental Scientific Library | 10/04/2019 | AII/104557 | FL0572230 | 10/04/2019 | 10/04/2019 | Գրքեր / Books | 30 Days Loan |
ՀՀ Գիտությունների ազգային ակադեմիայի հիմնարար գիտական գրադարան = Fundamental Scientific Library of NAS RA
All site content, except where otherwise noted, is licensed under a